ბათუმის შოთა რუსთაველის სახელმწიფო უნივერსიტეტის ბიბლიოთეკა

მეთოდური მითითებები ლაბორატორიული სამუშაოების ჩასატარებლად მაღალტემპერატურულ თბოტექნოლოგიურ პროცესებსა და დანადგარებში / (ბიბ.ჩანაწერი № 39224)

000 -ლიდერი
ფიქსირებული სიგრძის საკონტროლო ველი 01544nam a2200253Ia 4500
001 - საკონტროლო ნომერი
საკონტროლო ველი 5810
003 - საკონტროლო ნომრის იდენტიფიკატორი
საკონტროლო ველი GE_BSU
005 - ბოლო ოპერაციის თარიღი და დრო
საკონტროლო ველი 20190621204126.0
008 - ფიქსირებული სიგრძის მონაცემთა ელემენტები - ზოგადი ინფორმაცია
ფიქსირებული სიგრძის საკონტროლო ველი 181216s1987||||ge |||||||||||||| ||geo||
040 ## - კატალოგიზაციის წყარო
Transcribing agency GE_BSU
041 ## - ენის კოდი
Language code of text/sound track or separate title geo
080 ## - უნივერსალური ათობითი კლასიფიკაციის ინდექსი
Universal Decimal Classification number 621.3(072) მ-50
245 ## - ცნობა სათაურის შესახებ
Title მეთოდური მითითებები ლაბორატორიული სამუშაოების ჩასატარებლად მაღალტემპერატურულ თბოტექნოლოგიურ პროცესებსა და დანადგარებში /
Statement of responsibility, etc შემდგ. : მ. ყიფშიძე, ნ. ქევხიშვილი, მ. ლოლაძე ; რედ. მ. ძიძიგური
264 ## - წარმოების, გამოცემის, დისტრიბუციის და სხვა ცნობები
გამოცემის, წარმოების, დისტრიბუციის... ადგილი თბილისი :
გამოცემის, წარმოების, დისტრიბუციის... სახელწოდება სპი,
გამოცემის, წარმოების, დისტრიბუციის... თარიღი 1987.
300 ## - ფიზიკური აღწერა
Extent 45 გვ. :
Other physical details ნახაზები ;
Dimensions 20 სმ.
504 ## - BIBLIOGRAPHY, ETC. NOTE
Bibliography, etc ბიბლიოგრ. : გვ. 44.
653 ## - INDEX TERM--UNCONTROLLED
Uncontrolled term მაღალტემპერატურული თბოტექნოლოგიური პროცესები
653 ## - INDEX TERM--UNCONTROLLED
Uncontrolled term თბოტექნოლოგიური დანადგარები
700 ## - ADDED ENTRY--PERSONAL NAME
Personal name ყიფშიძე, მ.
Relator term შემდგენელი
9 (RLIN) 2318
700 ## - ADDED ENTRY--PERSONAL NAME
Personal name ქევხიშვილი, ნ.
Relator term შემდგენელი
9 (RLIN) 2782
700 ## - ADDED ENTRY--PERSONAL NAME
Personal name ლოლაძე, მ.
Relator term შემდგენელი
9 (RLIN) 2783
700 ## - ADDED ENTRY--PERSONAL NAME
Personal name ძიძიგური, მ.
Relator term რედაქტორი
9 (RLIN) 472
942 ## - ADDED ENTRY ELEMENTS (KOHA)
Koha item type წიგნი
Source of classification or shelving scheme
ეგზემპლარები
ჩამოწერის სტატუსი დაკარგული ეგზემპლარის სტატუსი კლასიფიკაციის წყარო ან თაროზე გაწყობის სქემა დაზიანების სტატუსი არ გაიცემა მუდმივი მდებარეობა (დაცვის ადგილი) ამჟამინდელი ადგილსამყოფელი თაროზე განთავსების ადგილი შეძენის თარიღი სრული შენახვის შიფრი შტრიხკოდი ბოლო ოპერაციის თარიღი ეგზემპლარის მიმდევრობითი ნომერი (კეტერი?) ფასის ძალაში შესვლის თარიღი ეგზემპლარის სახეობა
          ტექნოლოგიური ფაკულტეტის ბიბლიოთეკა ტექნოლოგიური ფაკულტეტის ბიბლიოთეკა წიგნსაცავი 2018-12-17 621.3(072) მ-50 12410 2018-12-17 12410 2018-12-17 წიგნი
          ტექნოლოგიური ფაკულტეტის ბიბლიოთეკა ტექნოლოგიური ფაკულტეტის ბიბლიოთეკა წიგნსაცავი 2018-12-17 621.3(072) მ-50 12411 2018-12-17 12411 2018-12-17 წიგნი
          ტექნოლოგიური ფაკულტეტის ბიბლიოთეკა ტექნოლოგიური ფაკულტეტის ბიბლიოთეკა წიგნსაცავი 2018-12-17 621.3(072) მ-50 12412 2018-12-17 12412 2018-12-17 წიგნი